| 000 | 00600 a2200229 4500 | ||
|---|---|---|---|
| 001 | 200045062 | ||
| 999 |
_c200045062 _d33609 |
||
| 003 | TR-AnTOB | ||
| 005 | 20230711163942.0 | ||
| 008 | 120823s2004 tu 000 0 | ||
| 040 | _aTR-AnTOB | ||
| 041 | _aaze | ||
| 050 | 0 | 0 |
_aPL314.A285 _bY37 2004 |
| 090 | _aPL314.A285 Y37 2004 | ||
| 100 | 1 |
_aAbdullaev, K. M. _947393 |
|
| 245 | 1 | 0 |
_aYarımçıq elyazma : _broman / _cKemal Abdulla. |
| 264 | 1 |
_aBakı : _bXXI yne, _c2004. |
|
| 300 |
_a286 p. ; _c22 cm. |
||
| 650 | 0 |
_aAzerbaijani fiction _954437 |
|
| 650 | 7 |
_aAzeri romanı _2etuturkob _982944 |
|
| 942 | _cBK | ||